00595nam a22001937a 450000500170000001000140001702000110003103500130004203700130005508200130006824500930008126000390017427000350021330000240024850000500027265000100032265000380033270000310037020100805143926.0 aENG-98323 c400.00 aEN-81856 bDBAD/PUB a954.0317 aUprisings of 1857 :bperspectives and peripheries /cedited by Subhas Ranjan Chakraborty aKolkatabThe Asiatic Societyc2009 a1 Park StreetbKolkatae700016 ax, 307p.c22cm (Hb) aincludes bibliographical references and index aIndia aSepoy rebelliony1857-1858zIndia aChakraborty, Subhas Ranjan